| 000 | 00724 a2200181 4500 | ||
|---|---|---|---|
| 020 | _a0471418250 | ||
| 020 | _a9780471418252 | ||
| 082 | 0 | 4 | _a514 |
| 090 |
_c179 _d179 |
||
| 100 | 1 | _aKhamsi, Mohamed A. | |
| 245 | 1 | 3 |
_aAn introduction to metric spaces and fixed point theory / _cMohamed A. Khamsi, William A. Kirk. |
| 260 |
_a[S.l.] : _bWiley-Interscience, _c2001. |
||
| 300 |
_a320 p. ; _c25 cm. |
||
| 700 | 1 | _aKirk, William A. | |
| 942 |
_aSNS _cBK _k514.32 KHA |
||
| 999 |
_c28817 _d28817 |
||